Field's anatomy, palpation, and surface markings / (رقم التسجيلة. 30129)

تفاصيل مارك
000 -الفاتح
حقل البيانات ثابتة الطول 01257cam a22003618a 4500
001 - رقم الضبط
رقم الضبط 16992386
003 - محدد رقم الضبط
رقم الضبط OSt
005 - وقت وتاريخ اخر تعامل مع التسجيلة
رقم الضبط 20150408114134.0
008 - عناصر البيانات ثابتة الطول - معلومات عامة
حقل البيانات ثابتة الطول 111004s2012 stk b 001 0 eng
010 ## - رقم ضبط مكتبة الكونجرس
رقم ضبط مكتبة الكونجرس 2011041580
020 ## - الرقم الدولى المعيارى للكتب
الرقم الدولى المعيارى للكتاب 9780702043550
035 ## - رقم ضبط النظام
رقم ضبط النظام (DNLM)101570540
040 ## - مصدر الفهرسة
وكالة الفهرسة الأصلية DNLM/DLC
وكالة النسخ DLC
042 ## - رمز التحقق
رمز التحقق pcc
060 10 - رقم الطلب بالمكتبة الطبية الوطنية
رقم التصنيف WB 275
082 00 - رقم تصنيف ديوى العشرى
رقم التصنيف 611
رقم الطبعة 23
100 1# - المدخل الرئيسى - إسم شخصى
الإسم الشخصى Field, Derek.
9 (RLIN) 10248
245 10 - بيان العنوان
العنوان Field's anatomy, palpation, and surface markings /
بيان المسئوليه,etc Derek Field, Jane O. Hutchinson ; illustrations by Derek Field and Antbits.
246 1# - العنوان الموازى
عنوان صحيح/عنوان مختصر Anatomy, palpation, and surface markings
250 ## - بيان الطبعة
بيان الطبعة 5th ed.
260 ## - PUBLICATION, DISTRIBUTION, ETC. (IMPRINT)
مكان الناشر او الموزع Edinburgh :
اسم الناشر او الموزع Churchill Livingstone/Elsevier,
تاريخ النشر أو التوزيع 2012.
263 ## - تاريخ النشر المتوقع
تاريخ النشر المتوقع 1209
300 ## - الوصف المادى
التعداد p. ;
أبعاد الوعاء cm.
500 ## - تبصرة عامة
تبصرة عامة Evolve learning resources for students and lecturers.
504 ## - تبصرة ببليوجرافية
تبصرة ببليوجرافية,الخ Includes bibliographical references and index.
505 0# - تبصرة محتويات-الفهرس
تبصرة المحتويات المصاغة Palpation : principles and practice -- The upper limb -- The lower limb -- The head and neck -- The thorax -- The abdomen.
650 12 - المدخل الاضافى بالموضوع-مصطلح موضوعى
مصطلح موضوعي أو اسم جغرافي كعنصر مدخل Palpation
التقسيم الفرعي العام methods.
650 22 - المدخل الاضافى بالموضوع-مصطلح موضوعى
مصطلح موضوعي أو اسم جغرافي كعنصر مدخل Anatomy
التقسيم الفرعي الشكلي Atlases.
650 22 - المدخل الاضافى بالموضوع-مصطلح موضوعى
مصطلح موضوعي أو اسم جغرافي كعنصر مدخل Palpation
التقسيم الفرعي الشكلي Atlases.
9 (RLIN) 10252
700 1# - المدخل الاضافى - اسم شخصى
الإسم الشخصى Hutchinson, Jane S. Owen.
9 (RLIN) 36102
906 ## - عنصر بيانات محلى F, LDF (RLIN)
a 7
b cbc
c orignew
d 1
e ecip
f 20
g y-gencatlg
942 ## - عناصر المدخل الإضافي( كوها)
مصدر التصنيف او مخطط الترفيف Dewey Decimal Classification
Koha [default] item type كتاب
المقتنيات
حالة الفقد نموذج السعر الفعال حالة تلف ليس للاعارة رقم الطلب رقم النسخة تاريخ الاكتساب الموقع الحالي الباركود الفرع الرئيسي Date last seen نوع المادة فى نظام كوها مصدر التصنيف او خطة الترفيف Total Checkouts Date last checked out
  2013-06-20   Not For Loan 611 FDF 1 2013-06-20 المكتبة المركزية بالمجمعة (CL) 00306819 المكتبة المركزية بالمجمعة (CL) 2013-06-20 كتاب Dewey Decimal Classification    
  2013-06-20     611 FDF 2 2013-06-20 المكتبة المركزية بالمجمعة (CL) 00306820 المكتبة المركزية بالمجمعة (CL) 2017-04-30 كتاب Dewey Decimal Classification 1 2017-02-14
  2013-06-20     611 FDF 3 2013-06-20 المكتبة المركزية بالمجمعة (CL) 00306821 المكتبة المركزية بالمجمعة (CL) 2013-06-20 كتاب Dewey Decimal Classification